000 00269nam a2200109Ia 4500
008 240731s9999 xx 000 0 und d
245 0 _aI V H S Journal
260 _bTaylor & Francis
856 _uhttps://www.tandfonline.com/loi/gits18
942 _2ddc
942 _cTFEJ
999 _c76893
_d76893
945 _a1
_bMadushi Gamage
_c1
_dMadushi Gamage